000 00587nam a2200229Ia 4500
003 OSt
005 20220926044757.0
006 a|||||r|||| 00| 0
007 ta
008 220923b |||||||| |||| 00| 0 eng d
037 _cGeneral Book
040 _aRTL
_cRTL
_beng
041 _2eng
_aeng
082 _aX, J0;K3
100 _aMorgenstern Oskar
_9276209
245 0 _aOn the accuracy of economic observation
250 _aRev Ed 2
260 _c1963
650 _aGeneral Economics
942 _hX, J0;K3
_cGB
_2CC
999 _c675822
_d675822